Psychológia pre študijné odbory stredných odborných učilíšť

Bibliographic Details
Main Authors: Černohorský, Zdeněk (Author), Novák, Ladislav (Author)
Other Authors: Bratská, Mária, 1949- (Translator)
Format: Book
Language:Slovak
Czech
PhysicalDescription:139 strán 21 cm
Published: Bratislava Slovenské pedagogické nakladateľstvo 1988
Edition:2. vyd.
Subjects:

MARC

LEADER 00000cam a2200000 a 4500
001 vtls001121327
003 SK-MaSNL
005 20260301183007.0
008 240226s1988 xo drp 000 0 slo
015 |a SNBA1988/07 
020 |q (brožované) 
035 |a SNK000064170 
035 |a 99AFC924-0CA2-473E-8DF1-4642B26176F7 
035 |a urn:nbn:sk:snk-am00ifgm 
040 |a SNK  |b slo  |c SNK  |e AACR2 
041 1 |a slo  |h cze 
044 |a xo  |c SK 
072 7 |a 159.9  |x Psychológia  |2 konspekt 
080 |a 159.9(075.3)  |2 1997 
080 |a 159.9  |2 2011 
080 |a (075.3)  |2 2011 
100 1 |a Černohorský, Zdeněk  |4 aut  |9 286005 
245 1 0 |a Psychológia pre študijné odbory stredných odborných učilíšť  |c Zdeněk Černohorský, Ladislav Novák ; [preklad: Mária Bratská] 
250 |a 2. vyd. 
260 |a Bratislava  |b Slovenské pedagogické nakladateľstvo  |c 1988  |e Nitra  |f Nitrianske tlačiarne 
300 |a 139 strán  |c 21 cm 
366 |e 1200 výtl. 
500 |a Pravdepodobne preložené z češtiny 
650 0 7 |a psychológia  |2 SNKPH  |9 807 
655 7 |a učebnice stredných škôl  |2 SNKPH  |9 69323 
700 1 |a Novák, Ladislav  |4 aut  |9 274283 
700 1 |a Bratská, Mária,  |d 1949-  |4 trl  |9 99590 
852 |a Slovenská národná knižnica 
954 |a odborná, vedecká literatúra cudzojazyčná (svetová)  |2 lita 
958 |a OND 
958 |a CZ 
958 |a UC 
958 |a TL 
958 |a OP 
968 |b ČES 
999 |c 855489  |d 857419 
952 |t P60, <04>, [BOOK], {604}  |a SNK  |b SNK  |y VYP  |7 0  |p 17A0018306  |o snkSC 71801 D1  |0 0  |1 0  |4 0  |d 1996-11-07  |l 0  |r 2004-12-31 00:00:00  |w 2026-02-24 
952 |a SNK  |b SNK  |y PREZ  |7 0  |p 17A0929691  |o snkSC 71801  |i snkKSP 4780/88  |0 0  |1 0  |4 0  |d 2012-08-07  |f 1  |l 0  |r 2025-07-23 00:00:00  |w 2026-02-24